000 00891nam a22002777i 4500
005 20210818182348.0
008 200127s2017 sp gr 000 fdspa d
020 _a9788417002534
040 _aCOMFC
_bspa
_erda
041 _aspa
100 1 _955672
_aRoma, Alexandra
_eaut
245 1 0 _aHasta que el viento te devuelva la sonrisa
_cAlexandra Roma
250 _aPrimera edición
264 0 1 _aBarcelona
_bPlataforma editorial
_c2017
300 _a563 páginas
_c22 cm
336 _2rdacontent
_atxt
337 _2rdamedia
_an
338 _2rdacarrier
_anc
490 _955477
_aPlataforma Neo
500 _aContiene datos biográficos de la autora
082 0 4 _a863.6
_bR756h
650 0 _917034
_aAmor
_vNovela
650 0 _945240
_aTragedias
_vNovela
650 0 _917887
_aAccidentes
_vHistorias
_xNovela
942 _2ddc
_h863.6 R756h
_k863.6
_mR756h
999 _c15822
_d15822